Central Library OPAC University of Rajshahi

UN Weekly Newsletter/ (Record no. 38510)

MARC details
000 -LEADER
fixed length control field 00474nam a2200169 a 4500
001 - CONTROL NUMBER
control field 38510
003 - CONTROL NUMBER IDENTIFIER
rucl marc code BD-RjUL
005 - DATE AND TIME OF LATEST TRANSACTION
control field 20211209052818.0
008 - FIXED-LENGTH DATA ELEMENTS--GENERAL INFORMATION
fixed length control field 151222b ||||| |||| 00| 0 eng d
035 ## - SYSTEM CONTROL NUMBER
System control number (BD-RjUL)38615
040 ## - CATALOGING SOURCE
Original cataloging agency BD-RjUL
Language of cataloging eng
082 ## - DEWEY DECIMAL CLASSIFICATION NUMBER
Edition number 23
Classification number 079.91
Author mark and year UNWN
245 ## - TITLE STATEMENT
Title UN Weekly Newsletter/
Statement of responsibility, etc. Directer UN Information Center.
260 ## - PUBLICATION, DISTRIBUTION, ETC. (IMPRINT)
Place of publication, distribution, etc. Karachi :
Name of publisher, distributor, etc. Directer UN Information Center,
650 ## - SUBJECT ADDED ENTRY--TOPICAL TERM
Topical term or geographic name as entry element Weekly Newsletter
Geographic subdivision Pakistan
9 (RLIN) 118896
942 ## - ADDED ENTRY ELEMENTS (KOHA)
Source of classification or shelving scheme Dewey Decimal Classification
Koha item type Newspapers
Holdings
Lost status Source of classification or shelving scheme Damaged status Not for loan Permanent Location Current Location Shelving location Date acquired Total Checkouts Full call number Date last seen Copy number Koha item type
  Dewey Decimal Classification   Not For Loan Central Library, University of Rajshahi Central Library, University of Rajshahi Newspapers Stack 22/12/2015   P 079.91 UNWN V.1 Jan.-Oct. 1953 22/12/2015 C.1 Newspapers